| 000 | 00471nam a2200169Ia 4500 | ||
|---|---|---|---|
| 999 |
_c5086 _d5086 |
||
| 020 | _a81-87496-22-3 | ||
| 082 | _aRR 920 SEL- | ||
| 245 | 0 | _aSelected writings of Jotirao Phule | |
| 260 |
_aNew Delhi _bLeftword Books _c2002 |
||
| 300 | _axii, 247 | ||
| 504 | _aincludes index | ||
| 650 |
_aPhule, Jyoti rao _vBiography |
||
| 650 |
_a Social reformers _vBiography _zIndia |
||
| 650 |
_aSocial reformers in literature _vBiography |
||
| 700 | _aDeshpande, G.P. | ||
| 942 | _cBK | ||